Life Goes On Lyrics-Oliver Tree - Statistics

General Stats
  • This quiz has been taken 81 times
  • The average score is 177 of 275
Answer Stats
Lyrics % Correct
:)
100%
a
92%
goes
90%
i
90%
life
90%
on
90%
and
87%
you
71%
the
69%
to
65%
me
58%
babe
54%
too
54%
when
54%
baby
52%
im
52%
controlling
50%
get
50%
nasty
50%
you're
50%
youre
50%
feed
48%
wolves
48%
at
46%
back
46%
dont
46%
yeah
46%
double
44%
it
44%
why
44%
but
42%
distract
42%
up
42%
faced
40%
hell
40%
ima
40%
ima/im going too
40%
then
38%
way
38%
all
37%
bad
37%
day
37%
play
37%
that
37%
believe
35%
entendre
35%
goner
35%
her
35%
ill
35%
lost
35%
wake
35%
wanna
35%
best
33%
like
33%
lover
33%
work
33%
fighter
31%
want
31%
as
29%
changing
29%
keep
29%
not
29%
pieces
29%
seasons
29%
light
27%
of
27%
place
27%
rip
27%
this
27%
tired
27%
explaining
25%
fire
25%
these
25%
honest
23%
least
23%
No matching quizzes found
Score Distribution
Percent of People with Each Score
Percentile by Number Answered
Your Score History
You have not taken this quiz